Statistics for The Last Finals MVP For Every NBA Team

Click here to take the quiz!

General Stats

  • This quiz has been taken 32 times
  • The average score is 16 of 18

Answer Stats

YearTeamPlayer% Correct
2023DENNikola Jokic
100%
2022GSWSteph Curry
100%
1995HOUHakeem Olajuwon
94%
2020LALLeBron James
94%
2016CLELeBron James
94%
2013MIALeBron James
94%
1998CHIMichael Jordan
94%
2004DETChauncey Billups
91%
2011DALDirk Nowitzki
91%
2019TORKawhi Leonard
91%
2014SASKawhi Leonard
91%
1983PHIMoses Malone
91%
2008BOSPaul Pierce
91%
1977PORBill Walton
88%
1978WASWes Unseld
78%
1973NYKWillis Reed
78%
1979OKLDennis Johnson
63%
2021MILGiannis Antetokoumnpo
31%

Score Distribution

Percentile by Number Answered

Percent of People with Each Score

Your Score History

You have not taken this quiz